000 00818nam a22002537a 4500
001 BR9602903
003 BR-BrBNA
005 20230928095015.0
007 ta
008 230509b bl.||||| |||| 00| 0 por d
040 _aBR-BrBNA
_bpor
_cBiblioteca Nacional de Agricultura
041 _a(Por)
072 _aE14; L02
_b1920
090 _ 1920 BR9602903
110 1 _aConselho Nacional de Desenvolvimento da Pecuaria, Brasilia, DF (Brasil)
_92664
245 1 _aRelatorio preliminar 1975-1976. Programa de pastagens sob tecnicas modernas. Programa de avaliacao e ajustamento de tecnologia e metodologia de projetos
260 3 _aBrasilia, DF (Brasil):
_c1975.
300 _a55 p.
650 _aPastagem
650 _aProducao Animal
650 _aManejo
909 _a202309
_bLucia
_c55
_dLucia Elande
942 _cBK
999 _c53960
_d53960